00157nam a22000857a 4500082001500000100000900015245002200024260001700046300000800063 a621.381HAN aHand aBasic electronics aLondonc1980 a328